Palmarès du "Big Five" Européen de Football - Statistiques

Statistiques générales
  • Ce quiz a été pris 843 fois
    542 depuis la dernière actualisation
  • Le résultat moyen est 47 sur 98
Statistiques - réponses
Réponse % Correct
Paris Saint-Germain
100%
Olympique de Marseille
99%
Olympique Lyonnais
99%
Manchester City
95%
Manchester United
95%
FC Barcelone
94%
Real Madrid
94%
AS Saint-Étienne
93%
Liverpool
93%
Atlético Madrid
92%
Inter Milan
92%
AC Milan
91%
Juventus
91%
Lille OSC
91%
Arsenal
90%
Bayern Munich
90%
AS Monaco
88%
Borussia Dortmund
87%
Chelsea
86%
Girondins de Bordeaux
86%
FC Nantes
85%
AS Rome
84%
Naples
82%
FC Séville
80%
Olympique Lillois
80%
OGC Nice
78%
RC Lens
78%
Montpellier HSC
75%
Valence
74%
Bayer Leverkusen
73%
Lazio
73%
Tottenham
73%
Aston Villa
67%
Athletic Bilbao
67%
Leicester City
66%
Stade de Reims
66%
RC Strasbourg
64%
AJ Auxerre
60%
Nottingham Forest
59%
RC Paris
57%
Real Betis
56%
Newcastle United
54%
Everton
53%
Real Sociedad
52%
FC Sochaux-Montbéliard
49%
Fiorentina
49%
Hertha Berlin
49%
Deportivo La Corogne
48%
BFC Viktoria 89 Berlin
46%
Hambourg SV
46%
Wolfsburg
46%
Torino
45%
VFB Stuttgart
45%
Leeds United
44%
Schalke 04
44%
Werder Brême
44%
VfB Leipzig
41%
Bologne
39%
Eintracht Francfort
38%
Genoa
35%
FC Cologne
34%
FC Sète
32%
Sampdoria
32%
Sunderland
32%
Borussia Mönchengladbach
30%
Cagliari
24%
Blackburn Rovers
22%
CO Roubaix-Tourcoing
22%
Sheffield United
21%
Sheffield Wednesday
21%
Hellas Vérone
20%
Munich 1860
20%
FC Nuremberg
19%
Wolverhampton
19%
Burnley
16%
Hanovre 96
14%
Fortuna Düsseldorf
12%
FC Kaiserslautern
11%
Ipswich Town
11%
West Bromwich Albion
8%
Portsmouth
7%
Derby County
6%
Holstein Kiel
6%
Preston North End
6%
Pro Vercelli
6%
Huddersfield
4%
Phönix Karlsruhe
4%
Rapid Vienne
4%
Rot-Weiss Essen
4%
VfR Mannheim
3%
AS Casale
2%
Eintracht Brunswick
2%
Greuther Fürth
2%
Dresdner SC
1%
Freiburger FC
1%
SV Blau-Weiß Berlin
1%
USD Novese
1%
Harlsruher FV
0%
Aucun quiz correspondant
Distribution des résultats
% des personnes avec chaque résultat
Percentile par nombre de réponses
Votre historique - résultats
Vous n’avez pas pris ce quiz depuis la dernière actualisation